000 00604nam a2200217Ia 4500
003 OSt
005 20220928141828.0
006 a|||||r|||| 00| 0
007 ta
008 220927b |||||||| |||| 00| 0 eng d
024 _a17930
037 _cTextual
040 _aSDCL
_cSDCL
_beng
041 _2eng
_aeng
082 _aWxL12p1,N78, M2
100 _aLeigh R A
_9502387
245 0 _aRousseau after two hundred years
_b Proceedings of the Cambridge Bicentennial Colloquium
260 _c1982
942 _hWxL12p1,N78, M2
_cTEXL
_2CC
999 _c820208
_d820208